[Event "94th Tradewise Hastings Congress"]
[Site "Hastings"]
[Date "2019.01.02"]
[Round "6"]
[White "Korneev, Oleg"]
[Black "Hawkins, Jonathan"]
[Result "1/2-1/2"]
[WhiteElo "2550"]
[BlackElo "2583"]
[Annotator "TA"]
[PlyCount "63"]
[EventDate "2018.12.28"]
[EventType "swiss"]
[EventCountry "ENG"]
[SourceTitle "playchess.com"]
[Source "ChessBase"]
[SourceQuality "1"]

{[%evp 17,63,12,25,8,9,24,39,26,37,23,40,32,33,33,54,58,47,47,64,56,75,75,82,79,72,52,64,63,106,0,0,0,0,0,0,0,0,0,0,0,0,0,0,0,0,0,0,-6]} 1. e4 e5 2. Bc4 Nf6 3. d3 c6 4. Nf3 d5 5. Bb3 Bb4+ 6. Bd2 Bxd2+ 7. Nbxd2 Nbd7 {[%cal Bb8d7,Bd7c5,Bc5d3][%mdl 32] C24: Bishop's Opening: 2...Nf6} (7... a5 8. a3 Nbd7 9. O-O a4 10. Ba2 O-O 11. Re1 Re8 12. d4 exd4 13. exd5 Rxe1+ 14. Qxe1 cxd5 15. Rb1 {0-1 (64) Aronian,L (2764)-Caruana,F (2816) Paris 2018}) 8. O-O O-O 9. Re1 Qc7 {LiveBook: 5 Games} 10. d4 exd4 11. exd5 cxd5 12. Nxd4 Nc5 13. Nf1 Be6 $146 ({Predecessor:} 13... Bg4 14. f3 Bd7 15. c3 {1-0 (61) Sikorova,O (2256)-Kachiani Gersinska,K (2346) Rijeka 2010}) 14. c3 Rfe8 15. Ne3 Qf4 16. Qf3 Qxf3 17. Nxf3 Nd3 18. Re2 {[%cal Be1e2,Be2d2,Bd2d1][%mdl 32]} Nf4 19. Rd2 Ne4 20. Rdd1 Rad8 {[%cal Ba8d8,Bd8d6,Bd6b6][%mdl 32]} 21. Nd4 a6 22. Kf1 Rd6 23. Ne2 (23. g3 $16 Ng6 24. Kg2) 23... Nxe2 $11 {The position is equal.} 24. Kxe2 Rb6 25. Kf1 Nc5 26. Nxd5 Bxd5 27. Rxd5 Nxb3 28. axb3 Rxb3 29. Re1 Rxe1+ 30. Kxe1 {[%cal Rd5d8] [#] KR-KR} Kf8 31. Rd2 Ke7 32. Kd1 {Accuracy: White = 70%, Black = 63%.} 1/2-1/2

[Event "94th Tradewise Hastings Congress"]
[Site "Hastings"]
[Date "2019.01.02"]
[Round "6"]
[White "Petrov, Martin"]
[Black "Willow, Jonah B"]
[Result "1-0"]
[WhiteElo "2472"]
[BlackElo "2218"]
[Annotator "TA"]
[PlyCount "127"]
[EventDate "2018.12.28"]
[EventType "swiss"]
[EventCountry "ENG"]
[SourceTitle "playchess.com"]
[Source "ChessBase"]
[SourceQuality "1"]

{[%evp 18,127,25,-13,-16,-19,-17,-6,0,-12,0,0,0,0,0,0,39,0,36,27,37,38,41,50,50,50,59,18,23,24,40,37,58,43,66,54,36,31,29,25,22,21,23,7,62,62,61,57,52,52,52,53,53,53,55,61,62,62,48,8,8,8,20,7,26,0,8,8,8,8,8,8,8,8,74,74,74,74,74,74,74,74,122,75,203,203,203,203,213,224,259,236,236,236,337,336,321,271,336,335,291,324,304,329,632,632,632,625,625,625,599,592]} 1. e4 c5 2. Nf3 e6 3. d4 cxd4 4. Nxd4 a6 5. Nc3 Qc7 6. Be2 b5 7. O-O Bb7 8. Re1 Nc6 9. Nxc6 {B43: Sicilian: Kan Variation: 5 Nc3} dxc6 10. a4 {[%cal Ra4b5] LiveBook: 5 Games} (10. e5 Rd8 11. Bd3 Ne7 12. a4 b4 13. Ne4 Qxe5 14. Bg5 Qc7 15. Qe2 a5 16. Bc4 Rd5 17. Bxd5 cxd5 18. Ng3 Ng6 {1-0 (41) Areshchenko,A (2672)-Hracek,Z (2624) Rogaska Slatina 2011}) 10... Bd6 11. g3 {[%cal Ra4b5] The position is equal.} Rd8 {Threatens to win with ...Bxg3.} 12. Bd3 ({But not} 12. axb5 Bxg3 13. Qxd8+ Kxd8 $17) 12... Be5 $146 ({Predecessor:} 12... Nf6 13. Qe2 Be5 14. Bd2 O-O 15. Nd1 c5 16. axb5 c4 17. bxa6 cxd3 18. cxd3 {0-1 (32) Lampe,D (2253)-Krause,B (2339) Germany 2014}) 13. Qf3 Nf6 14. Bf4 O-O 15. Bxe5 Qxe5 16. Qe3 Ng4 17. Qf4 Qh5 18. h4 e5 19. Qg5 Nf6 $1 20. Qxh5 Nxh5 21. axb5 cxb5 22. Nb1 (22. Nd5 $5) 22... Nf6 23. Nd2 Nd7 24. b4 Nb8 25. Nb3 Rd6 26. Nc5 Bc8 $1 27. Red1 Rfd8 28. Be2 Rxd1+ 29. Bxd1 Rd6 30. c3 Nd7 (30... Kf8 $11) 31. Bg4 $14 Nxc5 32. bxc5 Rd8 33. Bxc8 Rxc8 34. Rxa6 {[%mdl 4096] Endgame KR-KR} Kf8 35. c6 Ke7 36. Rb6 Kd6 37. Rxb5 Rxc6 38. Rd5+ Ke6 39. Rd3 Ra6 40. Rd1 Ra3 41. Rd3 g6 42. Kg2 f5 43. Kf3 Ra4 44. exf5+ gxf5 45. Ke2 Ra2+ (45... f4 $11 {remains equal.}) 46. Rd2 $16 Ra3 47. Kd3 Kd5 48. Rb2 e4+ 49. Kd2 Kc4 50. Rb4+ Kc5 (50... Kd5 $16 {was worth a try.}) 51. Rb7 $18 Ra2+ 52. Ke1 $1 Kd6 53. Rxh7 Ra1+ 54. Ke2 Ra2+ {[#]} 55. Kf1 $1 Ra1+ {[#]} (55... Ra3 $142 56. Rf7 Ra5) 56. Kg2 $1 Ra2 {intending ...e3.} 57. Rh6+ Kd5 58. Rf6 Ke5 59. Rf8 Rc2 60. Rc8 f4 $2 (60... Kf6 61. Kf1 Rb2 62. Rc6+ Kf7) 61. Re8+ {White is clearly winning.} Kf6 62. Rf8+ Kg6 63. Rxf4 e3 64. Rf3 {Accuracy: White = 73%, Black = 47%.} 1-0

[Event "94th Tradewise Hastings Congress"]
[Site "Hastings"]
[Date "2019.01.02"]
[Round "6"]
[White "Lalic, Bogdan"]
[Black "Petrov, Vladimir Sergeev"]
[Result "1/2-1/2"]
[WhiteElo "2420"]
[BlackElo "2365"]
[Annotator "TA"]
[PlyCount "43"]
[EventDate "2018.12.28"]
[EventType "swiss"]
[EventCountry "ENG"]
[SourceTitle "playchess.com"]
[Source "ChessBase"]
[SourceQuality "1"]

{[%evp 24,43,25,-17,18,-6,22,-7,-9,-20,-8,-23,4,-9,31,-2,7,-38,-3,-9,-8,-74]} 1. d4 Nf6 2. c4 e6 3. g3 Bb4+ 4. Bd2 Be7 5. Bg2 d5 6. Nf3 O-O 7. O-O c6 8. Qc2 b6 9. Rd1 Ba6 10. b3 Nbd7 11. a4 Ne4 {E15: Queen's Indian: 4 g3 sidelines, 4 g3 Ba6 and 4 g3 Bb7 early deviations} 12. Be1 f5 13. Na3 {[#] LiveBook: 4 Games} Bf6 $146 ({Predecessor:} 13... Rc8 14. b4 c5 15. dxc5 bxc5 16. b5 Bb7 17. e3 Bf6 18. Rac1 Qe7 19. Qb3 {0-1 (32) Gelfand,B (2741)-Zhigalko,S (2656) Berlin 2015}) 14. b4 Qe7 15. Qb3 Bb7 16. Rac1 {[%cal Ba1c1,Bc1c2,Bc2d2][%mdl 32]} Rac8 17. e3 g5 {[%cal Bg7g5,Bg5g4][%mdl 32]} 18. Nd2 Kg7 19. Rc2 h5 20. f3 Nxd2 21. Rcxd2 g4 $1 22. f4 {Accuracy: White =  9%, Black = 22%.} (22. Rc2 $11 {keeps the balance.}) 1/2-1/2

[Event "94th Tradewise Hastings Congress"]
[Site "Hastings"]
[Date "2019.01.02"]
[Round "6"]
[White "Cherniaev, Alexander"]
[Black "Gormally, Daniel W"]
[Result "1/2-1/2"]
[WhiteElo "2393"]
[BlackElo "2478"]
[Annotator "TA"]
[PlyCount "179"]
[EventDate "2018.12.28"]
[EventType "swiss"]
[EventCountry "ENG"]
[SourceTitle "playchess.com"]
[Source "ChessBase"]
[SourceQuality "1"]

{[%evp 14,179,30,20,50,46,53,35,66,69,72,51,47,41,69,26,42,0,44,39,22,0,3,-4,2,0,20,9,11,0,75,71,227,48,69,70,87,-27,11,-7,-6,-5,31,20,56,11,31,-11,27,21,25,-35,-34,-34,-34,-34,-34,-32,-34,-37,-44,-39,-43,-56,-10,-27,-7,-31,-31,-31,-24,-27,-27,-30,-26,-33,-37,-74,-26,-66,-41,-58,-55,-88,-80,-81,-83,-98,-94,-97,-90,-92,-68,-64,-64,-64,-64,-65,-64,-66,-66,-68,-59,-69,-69,-95,-70,-70,-70,-70,-74,-88,-88,-124,-72,-72,-72,-72,-72,-143,-72,-111,-75,-76,-17,-16,-12,-14,-14,-12,-10,-9,-10,-17,-16,-16,-8,-17,-17,-17,-17,-17,-17,-17,-17,-18,-8,-24,-24,-31,-8,-8,-8,-18,-15,-16,-7,-7,-7,-8,-8,-8,-7,-8,0,0,0,-8]} 1. e4 e5 2. Nf3 Nf6 {[%cal Bg8f6,Bf6e4,Be4c5][%mdl 32]} 3. Nxe5 d6 4. Nf3 Nxe4 5. Bd3 d5 6. O-O {C42: Petroff Defence: 3 Nxe5 and unusual White 3rd moves} Be7 7. Re1 Nc5 (7... Nd6 8. Nc3 c6 9. b3 O-O 10. Ba3 Bg4 11. h3 Bh5 12. Qe2 Bf6 13. Qe3 Re8 {1-0 (36) Grischuk,A (2766)-Caruana,F (2816) Leuven 2018}) 8. Bf1 {LiveBook: 3 Games. White has an edge.} O-O 9. d4 Ne4 10. c4 Bb4 11. Re3 c6 $146 ({Predecessor:} 11... f5 12. cxd5 Nd7 13. Qb3 Bd6 {1-0 (43) Vesely,E (2196)-Mudra,O (2137) ICCF email 2013}) 12. Nc3 (12. Bd3 {keeps more tension.} Nf6 13. c5 Ba5 14. Bd2 Bc7 15. Nc3) 12... Nxc3 13. bxc3 Bd6 14. Rb1 Nd7 15. Ne5 Nf6 16. Bd3 (16. c5 $5 {[%cal Rc5d6]} Bxe5 17. Rxe5 $14) 16... dxc4 17. Bxc4 Qc7 18. Qf3 Nd5 19. Re1 Be6 20. Bd2 Rfe8 21. Bd3 Bf8 (21... Nb6 $11 {remains equal.}) 22. c4 $16 Ne7 $2 (22... Nf6 $16 {keeps fighting.}) 23. Bf4 $2 (23. Nxf7 $18 Bxf7 {[#]} 24. Bxh7+ $1 {[%mdl 576] Deflection} Kxh7 25. Qxf7) 23... Qa5 24. h3 Rad8 25. Be3 (25. Re2 $16) 25... Qc7 (25... f6 $5 {[%cal Rf6e5]} 26. Ng4 Bf5 27. Bxf5 Nxf5 $11) 26. Rec1 (26. Qh5 {with more complications.} g6 27. Qf3 Bg7 28. Ng4 Bxg4 29. Qxg4 Qa5 30. Qg5) 26... f6 27. Ng4 Ng6 28. d5 {Threatens to win with Bxg6.} Bxg4 29. Qxg4 Ne5 30. Qd1 (30. Qf4 {looks sharper.} g5 31. Qg3 Bd6 32. c5 Nxd3 33. cxd6 Qxd6 34. Qxd6 Rxd6 35. Rc3) 30... b6 31. Bf1 Qf7 {[%cal Rc6d5]} 32. Rc2 (32. Qb3 $11) 32... cxd5 $15 33. Rd2 {[%cal Rc4d5]} d4 34. Bxd4 Nxc4 35. Rd3 $1 Ne5 36. Bxe5 Rxd3 37. Bxd3 Rxe5 38. Qc2 Rc5 39. Bxh7+ Kh8 40. Bg6 {And now Qxc5 would win.} Rxc2 41. Bxf7 {[%mdl 4096] Endgame KRB-KRB} Bc5 42. Bg6 Rxf2 43. Kh1 Rxa2 44. Rd1 {Intending Rd8+ and mate.} Kg8 45. Rd8+ Bf8 46. Kh2 Ra3 47. Rb8 {[#]} b5 $1 48. Rxb5 Bd6+ 49. Kg1 Bg3 50. Rf5 Kf8 51. Rf3 Ra1+ 52. Rf1 {[#]} Bh2+ $1 {[%mdl 512]} 53. Kf2 (53. Kxh2 Rxf1) 53... Ra2+ 54. Kf3 Ra3+ 55. Ke2 Ke7 56. Rb1 Bc7 57. Rd1 Bb6 58. Rd3 Ra2+ 59. Kf3 Rf2+ 60. Kg3 Ke6 61. h4 Rb2 62. Kf3 f5 63. g4 fxg4+ (63... Rf2+ $142 64. Kg3 f4+ 65. Kh3 Rf1) 64. Kxg4 $17 Rb4+ 65. Kh3 a5 66. Be8 ({Better is} 66. Rc3) 66... Bc5 (66... a4 $142 67. Rg3 Bd4) 67. Bd7+ Ke5 68. Bc6 {White wants to play Rd5+.} Be7 (68... Bd4 $17 69. Ra3 Kd6) 69. Rd5+ $11 Kf4 {aiming for ...a4.} 70. Rxa5 Rb3+ 71. Kg2 Bxh4 72. Ra4+ Kg5 73. Ra5+ Kf6 74. Bf3 g5 75. Ra4 Be1 76. Re4 $1 Bd2 77. Bg4 Bf4 78. Kf2 Rg3 79. Bf3 Kf5 80. Ra4 Rh3 81. Ra5+ Kf6 82. Ra6+ {The position is equal.} Ke7 83. Ke2 Rh2+ 84. Kd3 Rb2 85. Ke4 Rb5 86. Bh5 Bc1 87. Rc6 Rb4+ 88. Ke5 Bb2+ 89. Kf5 Rb5+ 90. Ke4 {Accuracy: White = 45%, Black = 53%.} 1/2-1/2

[Event "94th Tradewise Hastings Congress"]
[Site "Hastings"]
[Date "2019.01.02"]
[Round "6"]
[White "Djuric, Stefan"]
[Black "Royset, Pal"]
[Result "1-0"]
[WhiteElo "2371"]
[BlackElo "2182"]
[Annotator "NA"]
[PlyCount "81"]
[EventDate "2018.12.28"]
[EventType "swiss"]
[EventCountry "ENG"]
[SourceTitle "playchess.com"]
[Source "ChessBase"]
[SourceQuality "1"]
[TimeControl "40/6000+30:3000+30"]

1. e4 {[%emt 0:00:00]} c5 {[%emt 0:00:32]} 2. Nf3 {[%emt 0:00:00]} d6 {[%emt 0:01:07]} 3. g3 {[%emt 0:01:07]} Nf6 {[%emt 0:02:35]} 4. c3 {[%emt 0:01:51]} Nc6 {[%emt 0:01:52]} 5. d3 {[%emt 0:00:02]} g6 {[%emt 0:02:42]} 6. Bg2 {[%emt 0:00:02]} Bg7 {[%emt 0:00:19]} 7. O-O {[%emt 0:00:02]} O-O {[%emt 0:01:03]} 8. Re1 {[%emt 0:00:30]} e5 {[%emt 0:02:18]} 9. a3 {[%emt 0:00:43]} b6 {[%emt 0:04:58]} 10. b4 {[%emt 0:04:25]} Qd7 {[%emt 0:09:45]} 11. Bb2 {[%emt 0:20:34]} Re8 {[%emt 0:06:52]} 12. Nbd2 {[%emt 0:05:27]} Ba6 {[%emt 0:06:00]} 13. d4 {[%emt 0:05:39]} exd4 {[%emt 0:10:24]} 14. cxd4 {[%emt 0:00:03]} Nh5 {[%emt 0:04:05]} 15. Qa4 {[%emt 0:16:17]} Bb7 {[%emt 0:05:23]} 16. Rab1 {[%emt 0:06:05]} cxd4 {[%emt 0:13:57]} 17. Bxd4 {[%emt 0:06:08]} Rad8 {[%emt 0:04:38]} 18. Bxg7 {[%emt 0:04:06]} Kxg7 {[%emt 0:00:28]} 19. b5 {[%emt 0:06:45]} Na5 {[%emt 0:00:46]} 20. Qd4+ {[%emt 0:03:19]} Kg8 {[%emt 0:00:06]} 21. Qa1 {[%emt 0:13:53]} Rc8 {[%emt 0:03:47]} 22. Nd4 {[%emt 0:01:00]} Rc5 {[%emt 0:02:19]} 23. Rbd1 {[%emt 0:02:25]} Qe7 {[%emt 0:02:47]} 24. a4 {[%emt 0:00:45]} Rec8 {[%emt 0:03:11]} 25. N2b3 {[%emt 0:04:18]} Nxb3 {[%emt 0:01:09]} 26. Nxb3 {[%emt 0:01:14]} Rc3 {[%emt 0:00:22]} 27. Nd4 {[%emt 0:00:12]} Qe5 {[%emt 0:02:42]} 28. a5 {[%emt 0:03:18]} bxa5 {[%emt 0:03:41]} 29. Qxa5 {[%emt 0:00:42]} Qc5 {[%emt 0:00:20]} 30. Qa1 {[%emt 0:00:33]} Rc7 {[%emt 0:02:44]} 31. Qb2 {[%emt 0:01:23]} Qb6 {[%emt 0:01:19]} 32. e5 {[%emt 0:01:37]} dxe5 {[%emt 0:02:48]} 33. Rxe5 {[%emt 0:00:29]} Nf6 {[%emt 0:02:42]} 34. Bxb7 {[%emt 0:00:57]} Qxb7 {[%emt 0:00:11]} 35. h3 {[%emt 0:00:25]} Qb6 {[%emt 0:01:13]} 36. Re2 {[%emt 0:00:33]} Qd6 {[%emt 0:01:40]} 37. Kh2 {[%emt 0:00:18]} h5 {[%emt 0:01:05]} 38. Qa1 {[%emt 0:00:41]} h4 {[%emt 0:01:52]} 39. Ne6 {[%emt 0:00:19]} hxg3+ {[%emt 0:00:36]} 40. Kg2 {[%emt 0:00:02]} Nh5 {[%emt 0:01:34]} 41. Rxd6 1-0

[Event "94th Tradewise Hastings Congress"]
[Site "Hastings"]
[Date "2019.01.02"]
[Round "6"]
[White "Sarkar, Justin"]
[Black "Anderson, John"]
[Result "1/2-1/2"]
[WhiteElo "2332"]
[BlackElo "2163"]
[Annotator "TA"]
[PlyCount "163"]
[EventDate "2018.12.28"]
[EventType "swiss"]
[EventCountry "ENG"]
[SourceTitle "playchess.com"]
[Source "ChessBase"]
[SourceQuality "1"]

{[%evp 20,163,-20,-24,4,0,11,-1,31,20,41,1,35,22,63,42,50,33,60,32,52,14,24,11,22,11,33,15,14,27,33,33,26,-80,47,49,52,57,47,44,77,70,70,70,70,63,70,26,70,52,63,63,63,63,63,12,26,0,63,0,31,0,64,64,79,82,112,64,121,121,121,121,106,121,86,11,11,11,11,11,11,11,11,11,11,11,1157,1079,5739,5559,3289,4337,2628,2244,2037,1599,1329,977,904,918,902,818,1076,1075,1035,1032,916,888,29981,991,947,920,1162,897,775,695,656,377,349,306,397,295,295,281,281,280,273,0,0,0,0,0,0,0,0,0,0,0,0,0,0,0,0,0,0,0]} 1. d4 d5 2. c4 c6 3. Nf3 Nf6 4. Nc3 dxc4 5. a4 Bf5 6. e3 e6 7. Bxc4 Bb4 8. O-O Nbd7 9. Qe2 Bg6 10. Ne1 O-O 11. Nd3 {LiveBook: 9 Games} Bxd3 {D19: Slav Defence: 5 a4 Bf5 6 e3: Main line with 9 Qe2} (11... Ba5 12. Nf4 e5 13. Nxg6 hxg6 14. Rd1 Qe7 15. dxe5 Nxe5 16. Ba2 Rad8 17. Bd2 Bb4 18. Be1 g5 19. h3 {1-0 (39) Nikolic,P (2588)-Smeets,J (2625) Leiden 2015}) 12. Bxd3 Qe7 $146 ({Predecessor:} 12... Qa5 13. e4 e5 14. f4 exd4 15. Na2 Nc5 16. Nxb4 Qxb4 17. Bd2 Qb3 18. Rf3 Nxd3 19. Rxd3 Qxb2 {0-1 (30) Hallerod,R (2124)-Blomqvist,E (2505) Stockholm 2013}) 13. Na2 Bd6 14. e4 {[%cal Be3e4,Be4e5][%mdl 32]} Bc7 15. e5 Nd5 16. Nc3 f5 17. Nxd5 cxd5 18. a5 a6 19. Bd2 Nb8 20. Bc3 Nc6 21. Ra4 Rfc8 22. Kh1 Bd8 23. g4 f4 24. Qf3 g5 25. h4 Qg7 26. Kg2 (26. Rg1 $11 {remains equal.}) 26... h6 (26... gxh4 $17 27. Qxf4 Rc7) 27. hxg5 $14 Bxg5 28. Rh1 Rc7 29. Rh3 Qd7 {[#] And now ...Nxe5! would win.} 30. Qd1 Rac8 31. f3 Kg7 32. Bc2 Kg8 33. Ra3 Qg7 34. Ba4 Na7 35. Rb3 Rc4 36. Rb6 Qf7 37. Rd6 ({Better is} 37. Bb3 $14) 37... R8c7 $11 38. Bb3 R4c6 (38... Nc8 $11) 39. Ba4 Rc4 40. Bb3 R4c6 41. Rxc6 Rxc6 42. Bb4 Rc8 43. Qd2 Nc6 {[#]} (43... Qd7 $14) 44. Bd6 $1 $16 Kg7 45. Ba4 Ne7 {[%cal Bc6e7,Be7g6,Bg6h4][%mdl 32]} 46. b4 Ng6 47. Bc5 ({White should play} 47. Qe1 $16) 47... Nh4+ $11 48. Kf2 h5 49. gxh5 Rh8 50. Bc2 $36 {[%mdl 2048] White has the initiative.} Rxh5 {Strongly threatening ...Nxf3!} 51. Qd1 Nf5 52. Bxf5 $1 Bh4+ $2 {[%mdl 8192]} (52... exf5 $11 53. Qh1 Rxh3 54. Qxh3 Qg6) 53. Rxh4 $1 $18 Rxh4 54. Qg1+ Kh8 55. Qg5 Rh2+ 56. Kg1 Rh5 57. Qd8+ Kg7 58. Bg4 {Qf6+! is the strong threat.} Rh8 59. Qg5+ Kh7 60. Kf2 Rg8 61. Qh4+ Kg7 62. Be7 {aiming for Bf6+.} Qg6 63. Qf6+ Kh6 64. Qxf4+ (64. Bf8+ $142 Rxf8 65. Qxf8+ Kh7 66. Qe7+ Kh6 67. Qxe6 Kg5 68. Qxg6+ Kxg6 69. Be6) 64... Kh7 65. Qh2+ Kg7 66. Bf6+ Kf8 67. Ke3 Qb1 68. Qd2 Ke8 69. Qc3 ({Worse is} 69. Bxe6 Qg1+ 70. Kf4 Rg2 $11) 69... Kd7 70. Kf2 {Threatening mate with Qc5.} Qh1 71. Ke2 Qg2+ 72. Ke3 Qf1 73. b5 $2 (73. Kd2 $18) 73... axb5 $11 {The position is equal.} 74. a6 Qg1+ 75. Ke2 bxa6 76. Qc5 Qg2+ 77. Ke3 Qg1+ 78. Kd2 {White wants to mate with Qd6+.} Qf2+ 79. Kd1 Qf1+ 80. Kd2 {White threatens Qd6+ and mate.} Qf2+ 81. Kd3 {Qd6+ would kill now.} Qf1+ 82. Kd2 {Accuracy: White = 47%, Black = 54%.} 1/2-1/2

[Event "94th Tradewise Hastings Congress"]
[Site "Hastings"]
[Date "2019.01.02"]
[Round "6"]
[White "Murphy, Conor E"]
[Black "Kjartansson, Gudmundur"]
[Result "1-0"]
[WhiteElo "2331"]
[BlackElo "2415"]
[Annotator "TA"]
[PlyCount "81"]
[EventDate "2018.12.28"]
[EventType "swiss"]
[EventCountry "ENG"]
[SourceTitle "playchess.com"]
[Source "ChessBase"]
[SourceQuality "1"]

{[%evp 13,81,16,20,27,50,40,92,97,118,127,153,155,160,167,183,172,217,202,226,219,496,498,494,276,272,269,258,285,370,369,407,329,319,319,319,319,319,322,324,304,295,293,348,267,306,257,280,225,238,234,228,197,311,299,350,339,552,560,882,882,837,866,832,214,1281,1084,1155,1268,1213,1254]} 1. e4 Nc6 2. Nf3 d6 3. d4 g6 4. d5 Nb8 5. Nc3 Bg7 6. Be3 {B00: Queen's Fianchetto Defence, Nimzowitsch Defence} Nf6 7. Qd2 c6 {LiveBook: 17 Games} 8. O-O-O {The position is equal.} (8. Be2 O-O 9. O-O cxd5 10. exd5 b6 11. Bh6 Bb7 12. Bxg7 Kxg7 13. Nd4 a6 {½-½ (30) Aronian,L (2797)-Nakamura,H (2781) Caleta 2018}) 8... Qa5 $146 ({Predecessor:} 8... O-O 9. Bh6 a6 10. h3 b5 11. Bxg7 Kxg7 12. g4 b4 13. g5 bxc3 14. Qxc3 cxd5 15. gxf6+ exf6 16. exd5 {0-1 (59) Barbu,I (2296)-Zajarnyi,A (2395) Techirghiol 1999}) 9. Kb1 Ng4 (9... cxd5 $14 10. exd5 (10. Nxd5 Qxd2 11. Nxf6+ Bxf6 $14) 10... O-O) 10. Bd4 $16 Bh6 11. Qe1 f6 12. h3 Ne5 13. Be3 $36 {[%cal Bd4e3,Be3d2,Bd2a5][%mdl 2080] White has strong initiative.} Nxf3 14. gxf3 Bg7 15. h4 Na6 16. h5 Nc7 $2 (16... Bd7 {is a better defense.} 17. Bc4 g5) 17. Bd2 $18 Na6 18. h6 (18. hxg6 $142 h5 19. Ne2) 18... Bf8 19. Nb5 Qd8 20. Nd4 e5 21. dxe6 Nc5 22. Ba5 Qe7 23. Nb5 cxb5 24. Bxb5+ Nd7 25. exd7+ Bxd7 26. Bxd7+ Qxd7 27. f4 Qe6 28. Bc3 Be7 29. Rd5 Rf8 30. f5 gxf5 31. Rxf5 Rg8 32. Qe2 Kf7 (32... O-O-O $142 33. Bd4 Kb8) 33. f4 {[%cal Bf2f4,Bf4f5][%mdl 32]} Rg6 34. Qh5 Qxe4 $2 (34... Qc4 {was worth a try.} 35. Rb5 Kf8 36. Rxb7 Qxe4) 35. Re1 Qc6 {[#]} 36. Rg5 $3 {[%mdl 512]} fxg5 37. f5 Rag8 38. Bg7 $2 (38. Rf1 Ke8 39. fxg6 Rxg6 {[#]} 40. Qxg6+ $1 {[%mdl 576] Promotion} hxg6 41. h7) 38... Bf6 $2 (38... Qg2 39. a3 b5 40. fxg6+ hxg6) 39. fxg6+ {White is clearly winning.} hxg6 40. Qe2 {[%csl Ge1][%cal Re2e6]} d5 41. Bxf6 {Accuracy: White = 79%, Black = 33%.} 1-0

[Event "94th Tradewise Hastings Congress"]
[Site "Hastings"]
[Date "2019.01.02"]
[Round "6"]
[White "Derakhshani, Borna"]
[Black "Groffen, Hans"]
[Result "1-0"]
[WhiteElo "2325"]
[BlackElo "2120"]
[Annotator "NA"]
[PlyCount "55"]
[EventDate "2018.12.28"]
[EventType "swiss"]
[EventCountry "ENG"]
[SourceTitle "playchess.com"]
[Source "ChessBase"]
[SourceQuality "1"]
[TimeControl "40/6000+30:3000+30"]

1. d4 {[%emt 0:13:32]} d5 {[%emt 0:00:00]} 2. Bf4 {[%emt 0:00:07]} Nf6 {[%emt 0:00:05]} 3. Nf3 {[%emt 0:00:14]} c5 {[%emt 0:00:36]} 4. e3 {[%emt 0:00:07]} e6 {[%emt 0:01:06]} 5. c3 {[%emt 0:00:13]} Bd6 {[%emt 0:00:46]} 6. Bg3 {[%emt 0:01:17]} O-O {[%emt 0:00:18]} 7. Nbd2 {[%emt 0:00:25]} b6 {[%emt 0:00:31]} 8. Ne5 {[%emt 0:00:45]} Ba6 {[%emt 0:02:09]} 9. Bxa6 {[%emt 0:00:24]} Nxa6 {[%emt 0:00:08]} 10. Bh4 {[%emt 0:01:13]} Nb8 {[%emt 0:01:08]} 11. f4 {[%emt 0:01:28]} Be7 {[%emt 0:00:50]} 12. Bxf6 {[%emt 0:00:50]} Bxf6 {[%emt 0:00:09]} 13. O-O {[%emt 0:01:38]} Bxe5 {[%emt 0:02:37]} 14. fxe5 {[%emt 0:00:37]} Qg5 {[%emt 0:03:09]} 15. Qe2 {[%emt 0:04:45]} f5 {[%emt 0:02:26]} 16. exf6 {[%emt 0:01:27]} Rxf6 {[%emt 0:00:32]} 17. Nf3 {[%emt 0:03:50]} Qh5 {[%emt 0:08:05]} 18. Qb5 {[%emt 0:00:52]} c4 {[%emt 0:02:59]} 19. Ne5 {[%emt 0:04:09]} h6 {[%emt 0:06:52]} 20. e4 {[%emt 0:03:53]} dxe4 {[%emt 0:02:21]} 21. Qxc4 {[%emt 0:00:16]} Qe8 {[%emt 0:02:36]} 22. Qc7 {[%emt 0:04:18]} Na6 {[%emt 0:06:00]} 23. Qb7 {[%emt 0:00:14]} Qc8 {[%emt 0:00:35]} 24. Qxe4 {[%emt 0:00:07]} Qe8 {[%emt 0:01:48]} 25. Rxf6 {[%emt 0:05:12]} gxf6 {[%emt 0:00:09]} 26. Ng4 {[%emt 0:00:20]} f5 {[%emt 0:02:26]} 27. Nxh6+ {[%emt 0:01:13]} Kh7 {[%emt 0:01:58]} 28. Nxf5 {[%emt 0:01:15]} 1-0